[Event "Otvoreno Prvenstvo Sente 2015"]
[Site "Senta"]
[Date "2015.01.30"]
[Round "1.5"]
[White "Kecskemeti, Arpad"]
[Black "Uveric, Nebojsa"]
[Result "1-0"]
[WhiteElo "2036"]
[BlackElo "1533"]
[PlyCount "133"]
[EventDate "2015.01.30"]

1. e4 e5 2. Nf3 Nc6 3. Bb5 a6 4. Ba4 Nf6 5. O-O b5 6. Bb3 Be7 7. Re1 d6 8. c3
O-O 9. d4 exd4 10. cxd4 Na5 11. Bc2 Re8 12. Bg5 h6 13. Bh4 Nc4 14. b3 Nb6 15.
Qd3 g6 16. Nbd2 Nh5 17. Bxe7 Qxe7 18. Nf1 Qf6 19. g3 Bg4 20. N3d2 Rad8 21. a4
c6 22. axb5 axb5 23. f4 Nd7 24. Ne3 Bh3 25. b4 Ng7 26. d5 c5 27. bxc5 Nxc5 28.
Qxb5 Qd4 29. Rad1 Rb8 30. Qc4 Qf6 31. Nf3 Rec8 32. Qd4 Qd8 33. Rb1 Rxb1 34.
Rxb1 Ne8 35. e5 Ng7 36. Nd2 Qd7 37. Ndc4 dxe5 38. fxe5 Nce6 39. Qd1 Ng5 40. Qe2
Qa7 41. Kh1 Ne8 42. Nb6 Rd8 43. Nec4 Qb7 44. Na5 Qc7 45. Nc6 Rd7 46. Nxd7 Qxd7
47. Qc4 Nc7 48. Rb8+ Kg7 49. Rd8 Qg4 50. Qxg4 Bxg4 51. Bb3 Bf3+ 52. Kg1 Nce6
53. dxe6 Bxc6 54. e7 Nf3+ 55. Kf2 Nxe5 56. e8=Q Bxe8 57. Rxe8 Ng4+ 58. Kg2 h5
59. h3 Nh6 60. Re7 Kf6 61. Ra7 Kg7 62. Kf3 g5 63. g4 h4 64. Ke4 Kg6 65. Ra6+
Kg7 66. Rxh6 Kxh6 67. Kf5 1-0

[Event "Otvoreno Prvenstvo Sente 2015"]
[Site "Senta"]
[Date "2015.01.30"]
[Round "1.6"]
[White "Vrabel, Mate"]
[Black "Igaz, Ervin"]
[Result "1/2-1/2"]
[WhiteElo "1487"]
[BlackElo "2013"]
[PlyCount "82"]
[EventDate "2015.01.30"]

1. d4 Nf6 2. Bf4 d6 3. Nd2 c5 4. c3 Nc6 5. Ngf3 cxd4 6. cxd4 g6 7. e3 Bg7 8.
Bd3 O-O 9. O-O e5 10. Bg3 Nh5 11. Nb3 Nxg3 12. hxg3 Qe7 13. dxe5 dxe5 14. Be4
Nb4 15. a3 Rd8 16. Qe2 Be6 17. Na5 Bd5 18. Nd2 Bxe4 19. Nxe4 Nd5 20. Qb5 b6 21.
Nc4 Rac8 22. Rfd1 Nc7 23. Rxd8+ Rxd8 24. Qc6 b5 25. Na5 f5 26. Nc3 a6 27. Rd1
Rxd1+ 28. Nxd1 e4 29. Nb7 Be5 30. Nc5 Qd6 31. Qxd6 Bxd6 32. Nb3 Be5 33. Kf1 Kf7
34. Ke2 Ke6 35. Kd2 Kd5 36. Nc3+ Kc6 37. Na5+ Kd6 38. Nb7+ Kc6 39. Na5+ Kc5 40.
Nb3+ Kb6 41. Kc2 a5 1/2-1/2

[Event "Otvoreno Prvenstvo Sente 2015"]
[Site "Senta"]
[Date "2015.01.30"]
[Round "1.7"]
[White "Sarnyai, Daniel"]
[Black "Burany, Karoly"]
[Result "1-0"]
[WhiteElo "1998"]
[BlackElo "1451"]
[PlyCount "113"]
[EventDate "2015.01.30"]

1. c4 c5 2. Nf3 Nc6 3. Nc3 e6 4. d4 h6 5. Bf4 f5 6. Nb5 d5 7. Nc7+ Kf7 8. Nxa8
cxd4 9. a3 dxc4 10. Nc7 g5 11. Ne5+ Kf6 12. Nxc6 bxc6 13. Bc1 e5 14. b3 c3 15.
e3 Qxc7 16. exd4 exd4 17. Qxd4+ Qe5+ 18. Qxe5+ Kxe5 19. Bc4 Be6 20. Bxe6 Kxe6
21. O-O Bg7 22. Re1+ Kf7 23. Ra2 a5 24. Rae2 f4 25. Re6 c5 26. Ra6 Bd4 27. Rxa5
Nf6 28. Ra7+ Kg6 29. Rb7 Re8 30. Kf1 Rxe1+ 31. Kxe1 Ng4 32. f3 Ne5 33. Ke2 Kf5
34. a4 h5 35. a5 h4 36. h3 Ke6 37. a6 Nc6 38. a7 Nxa7 39. Rxa7 c4 40. Ra6+ Kf5
41. bxc4 Ke5 42. Kd3 Be3 43. Ra5+ Kf6 44. Bxe3 fxe3 45. Kxc3 Kg6 46. Kd3 e2 47.
Kxe2 Kf7 48. Rxg5 Ke7 49. Ke3 Kf6 50. f4 Ke6 51. c5 Kd7 52. Rg6 Ke7 53. c6 Kd8
54. Rg7 Ke8 55. Rd7 Kf8 56. c7 Ke8 57. c8=Q# 1-0

[Event "Otvoreno Prvenstvo Sente 2015"]
[Site "Senta"]
[Date "2015.01.30"]
[Round "1.8"]
[White "Boros, Tamas I"]
[Black "Toth, Kazmer"]
[Result "0-1"]
[WhiteElo "1423"]
[BlackElo "1974"]
[PlyCount "100"]
[EventDate "2015.01.30"]

1. e4 d6 2. d4 Nf6 3. Nc3 c6 4. Nf3 g6 5. Be3 Bg7 6. Bd3 b5 7. d5 b4 8. Ne2 c5
9. c4 bxc3 10. Nxc3 O-O 11. O-O Ng4 12. Bd2 Ba6 13. Qe2 Bxd3 14. Qxd3 Nd7 15.
h3 Nge5 16. Nxe5 Nxe5 17. Qc2 Rb8 18. Qc1 Nc4 19. b3 Nxd2 20. Qxd2 Rb4 21. Rfe1
Qa5 22. Qc2 c4 23. Red1 cxb3 24. axb3 Qc7 25. Rac1 Rc8 26. Rd3 Qb7 27. Rb1 Rxe4
28. Qb2 Rxc3 29. Rxc3 Bxc3 30. Qxc3 Qxd5 31. b4 Qd4 32. Qa3 Qb6 33. Qc3 a5 34.
b5 Re5 35. Qc4 Rf5 36. Qe2 e6 37. g4 Rc5 38. Qe3 a4 39. Kh2 d5 40. Rb4 a3 41.
Qxa3 Rxb5 42. Rxb5 Qxf2+ 43. Kh1 Qf1+ 44. Kh2 Qxb5 45. Qa8+ Kg7 46. Qa1+ Kh6
47. Qc1+ g5 48. h4 Qe2+ 49. Kh3 Qf3+ 50. Kh2 Qxg4 0-1

[Event "Otvoreno Prvenstvo Sente 2015"]
[Site "Senta"]
[Date "2015.01.30"]
[Round "1.9"]
[White "Solymosi, Andras"]
[Black "Boros, Aron"]
[Result "1-0"]
[WhiteElo "1957"]
[BlackElo "1415"]
[PlyCount "63"]
[EventDate "2015.01.30"]

1. c4 c5 2. Nf3 Nc6 3. Nc3 Nf6 4. d4 cxd4 5. Nxd4 e5 6. Nc2 d6 7. g3 Be7 8. Bg2
O-O 9. O-O Re8 10. Bg5 h6 11. Bxf6 Bxf6 12. Ne3 Qb6 13. Ned5 Qd8 14. Nxf6+ Qxf6
15. Ne4 Qe6 16. Nxd6 Rd8 17. c5 Qg6 18. e3 f5 19. Qb3+ Kh8 20. Bxc6 bxc6 21.
Nf7+ Kh7 22. Nxd8 Ba6 23. Qe6 Bxf1 24. Qxg6+ Kxg6 25. Nxc6 Ba6 26. Nxe5+ Kf6
27. Nf3 Rc8 28. Rc1 Ke6 29. b4 Kd7 30. Rd1+ Kc7 31. Rd6 Bc4 32. Ne5 1-0

[Event "Otvoreno Prvenstvo Sente 2015"]
[Site "Senta"]
[Date "2015.01.30"]
[Round "1.10"]
[White "Radisic, Dragoljub"]
[Black "Korponai, Akos"]
[Result "0-1"]
[WhiteElo "1395"]
[BlackElo "1952"]
[PlyCount "56"]
[EventDate "2015.01.30"]

1. e4 c5 2. d4 cxd4 3. Qxd4 Nc6 4. Qd1 Nf6 5. Nc3 e6 6. Nf3 d6 7. Bb5 Bd7 8.
O-O Be7 9. Re1 O-O 10. Bf4 a6 11. Bxc6 Bxc6 12. Qe2 b5 13. e5 Nd5 14. Nxd5 Bxd5
15. b3 dxe5 16. Bxe5 Rc8 17. Nd4 Bb4 18. Red1 Qg5 19. Bg3 Rfd8 20. Nf3 Qg6 21.
Qd3 Rxc2 22. Qxg6 hxg6 23. a3 Be7 24. b4 Rdc8 25. h3 Bf6 26. Be5 Bxf3 27. Bxf6
Bxd1 28. Rxd1 gxf6 0-1

[Event "Otvoreno Prvenstvo Sente 2015"]
[Site "Senta"]
[Date "2015.01.30"]
[Round "1.12"]
[White "Jankov, Danijel"]
[Black "Aleksic, Zvonimir"]
[Result "0-1"]
[WhiteElo "1352"]
[BlackElo "1874"]
[PlyCount "60"]
[EventDate "2015.01.30"]

1. e4 c5 2. Nf3 d6 3. d4 cxd4 4. Nxd4 Nf6 5. Nc3 a6 6. Be2 e6 7. Be3 Be7 8. O-O
Bd7 9. f4 Nc6 10. e5 dxe5 11. Nxc6 Bxc6 12. fxe5 Ne4 13. Bf3 Nxc3 14. Bxc6+
bxc6 15. bxc3 O-O 16. Qf3 Qd5 17. Qg4 Qxe5 18. Bd4 Qg5 19. Qe4 Qd5 20. Qe3 c5
21. Be5 f6 22. Bg3 c4 23. Kh1 Rad8 24. Rad1 Qc6 25. Rxd8 Rxd8 26. Re1 e5 27. h3
Bc5 28. Qe4 Qa4 29. Qf5 Qc6 30. Re4 Rd1+ 0-1

[Event "Otvoreno Prvenstvo Sente 2015"]
[Site "Senta"]
[Date "2015.01.31"]
[Round "2.1"]
[White "Aleksic, Zvonimir"]
[Black "Farkas, Tibor"]
[Result "0-1"]
[WhiteElo "1874"]
[BlackElo "2244"]
[PlyCount "84"]
[EventDate "2015.01.30"]

1. e4 c5 2. Nc3 Nc6 3. g3 g6 4. Bg2 Bg7 5. d3 d6 6. Be3 Rb8 7. Qd2 b5 8. f4 b4
9. Nd1 Qb6 10. Ne2 e6 11. O-O Nge7 12. c3 bxc3 13. bxc3 Qa5 14. Nf2 O-O 15.
Rab1 Ba6 16. g4 d5 17. f5 d4 18. cxd4 Qxd2 19. Bxd2 Nxd4 20. Ng3 exf5 21. exf5
gxf5 22. gxf5 Nexf5 23. Rxb8 Rxb8 24. Nxf5 Nxf5 25. Ne4 Bd4+ 26. Kh1 Bxd3 27.
Rc1 Rb2 28. Bc3 Rxg2 29. Kxg2 Bxe4+ 30. Kh3 h5 31. Bxd4 cxd4 32. Re1 Bd5 33.
Re5 Bxa2 34. Kg2 Be6 35. Kf2 Kg7 36. Ra5 Kg6 37. Rxa7 Kg5 38. Ra3 Kf4 39. Ke2
Ke4 40. Ra4 h4 41. Ra3 Ne3 42. Ra4 f5 0-1

[Event "Otvoreno Prvenstvo Sente 2015"]
[Site "Senta"]
[Date "2015.01.31"]
[Round "2.2"]
[White "Simonyi, Zoltan"]
[Black "Davidovic, Zoran"]
[Result "1-0"]
[WhiteElo "2243"]
[BlackElo "1891"]
[PlyCount "50"]
[EventDate "2015.01.30"]

1. c4 Nf6 2. Nc3 d5 3. d4 c6 4. Nf3 Ne4 5. g3 Nxc3 6. bxc3 dxc4 7. Bg2 f6 8.
O-O Be6 9. e4 Bg4 10. Qe2 Bxf3 11. Bxf3 b5 12. a4 e5 13. d5 a6 14. Be3 Be7 15.
Rfd1 Qc8 16. Bg4 Qc7 17. Be6 Bd6 18. dxc6 Ke7 19. Qg4 Nxc6 20. Bd5 Rae8 21.
axb5 Nb8 22. Qxg7+ Kd8 23. Qxf6+ Qe7 24. Bb6+ Kc8 25. Qf5+ Nd7 1-0

[Event "Otvoreno Prvenstvo Sente 2015"]
[Site "Senta"]
[Date "2015.01.31"]
[Round "2.3"]
[White "Sakic, Simeon"]
[Black "Nagy, Attila N"]
[Result "0-1"]
[WhiteElo "1859"]
[BlackElo "2202"]
[PlyCount "106"]
[EventDate "2015.01.30"]

1. e4 c5 2. Nf3 g6 3. d4 cxd4 4. Nxd4 Bg7 5. Be3 Nc6 6. Nc3 Nf6 7. Be2 O-O 8.
Qd2 d6 9. O-O-O Nxd4 10. Bxd4 Be6 11. Kb1 b5 12. Bxb5 Rb8 13. Bc6 Rb4 14. Ne2
Qb8 15. c3 Rc4 16. Bd5 Bxd5 17. exd5 Rfc8 18. h4 Ne4 19. Qe3 Bxd4 20. Rxd4
Nxc3+ 21. Nxc3 Rxc3 22. Rd3 Rc2 23. Rb3 Qc7 24. h5 Qd7 25. hxg6 Qf5 26. gxf7+
Kxf7 27. Qe6+ Qxe6 28. dxe6+ Kxe6 29. Rf3 Re2 30. Rc1 Rg8 31. g3 Rg5 32. Rcc3
Rge5 33. a3 Kd7 34. Rb3 Kc6 35. Rbc3+ Rc5 36. Rce3 Rcc2 37. Rxe2 Rxe2 38. Ka2
e5 39. Kb3 d5 40. Rf7 a5 41. Rf6+ Kc5 42. Rf7 a4+ 43. Kxa4 Rxb2 44. Rxh7 Rxf2
45. Rc7+ Kd4 46. g4 e4 47. g5 Rg2 48. Rg7 e3 49. g6 e2 50. Re7 Kd3 51. g7 Rxg7
52. Rxg7 e1=Q 53. Rg3+ Qxg3 0-1

[Event "Otvoreno Prvenstvo Sente 2015"]
[Site "Senta"]
[Date "2015.01.31"]
[Round "2.4"]
[White "Vranic, Ljubomir"]
[Black "Farkas, Sandor I"]
[Result "1-0"]
[WhiteElo "2199"]
[BlackElo "1874"]
[PlyCount "67"]
[EventDate "2015.01.30"]

1. d4 Nf6 2. c4 g6 3. Nc3 Bg7 4. e4 d6 5. f3 O-O 6. Be3 Nbd7 7. Qd2 c5 8. d5 a6
9. Nh3 Qa5 10. Nf2 b5 11. cxb5 Ne5 12. Be2 Rb8 13. a4 axb5 14. Nxb5 Qxd2+ 15.
Bxd2 Ba6 16. Bc3 Nh5 17. g3 Bxb5 18. axb5 Nd7 19. Ra7 Nb6 20. Rxe7 Na4 21. Bxg7
Nxg7 22. Nd1 Rfc8 23. Ra7 Nb6 24. Nc3 c4 25. Kd2 Ne8 26. Rha1 Nc7 27. Bf1 Nca8
28. Re7 Rc5 29. Raa7 Nc8 30. Re8+ Kg7 31. Bh3 Nab6 32. Be6 Nxa7 33. Rxb8 Nac8
34. Rb7 1-0

[Event "Otvoreno Prvenstvo Sente 2015"]
[Site "Senta"]
[Date "2015.01.31"]
[Round "2.5"]
[White "Ridjicki, Nenad"]
[Black "Kecskemeti, Arpad"]
[Result "0-1"]
[WhiteElo "1810"]
[BlackElo "2036"]
[PlyCount "52"]
[EventDate "2015.01.30"]

1. e4 c5 2. Nf3 d6 3. d4 cxd4 4. Nxd4 Nf6 5. Nc3 a6 6. h3 e6 7. Be3 Be7 8. Bd3
Qc7 9. O-O Nbd7 10. Nb3 b5 11. a3 Bb7 12. Bf4 O-O 13. f3 Nb6 14. Rb1 Rac8 15.
Qe2 Nfd7 16. Qe1 Rfd8 17. Qg3 Ne5 18. Be2 Nbc4 19. Bh6 Ng6 20. Bd2 Nxd2 21.
Nxd2 Bh4 22. Qg4 Qb6+ 23. Kh2 Qe3 24. f4 f5 25. exf5 exf5 26. Qxf5 Qg3+ 0-1

[Event "Otvoreno Prvenstvo Sente 2015"]
[Site "Senta"]
[Date "2015.01.31"]
[Round "2.6"]
[White "Miljkovic, Vukasin"]
[Black "Sarnyai, Daniel"]
[Result "0-1"]
[WhiteElo "1715"]
[BlackElo "1998"]
[PlyCount "122"]
[EventDate "2015.01.30"]

1. e4 c5 2. Nc3 e6 3. Nf3 a6 4. a3 Nf6 5. h3 d6 6. d3 Be7 7. Bd2 Qc7 8. Ne2 b5
9. Ng3 Nbd7 10. c4 Bb7 11. Qc2 O-O 12. Be2 d5 13. O-O bxc4 14. exd5 cxd3 15.
Qxd3 exd5 16. Nf5 Rfe8 17. Ng5 c4 18. Qg3 Qxg3 19. Nxg3 Bd6 20. Bg4 Nxg4 21.
hxg4 h6 22. Nf3 Bxg3 23. fxg3 Ne5 24. Nxe5 Rxe5 25. Rf4 Re2 26. Rd4 Rae8 27.
Rf1 R8e4 28. Rf4 Re6 29. Kh2 g5 30. Rf1 R6e4 31. Bc3 Rxd4 32. Bxd4 Re4 33. Rd1
Rxg4 34. Rd2 Re4 35. Kg1 f5 36. Kf2 Kf7 37. Bc3 Ke6 38. Re2 f4 39. g4 Kf7 40.
Re1 Bc8 41. Kf3 Rxe1 42. Bxe1 Bb7 43. Kf2 d4 44. Bb4 Kg6 45. Bc5 d3 46. Bb4 h5
47. gxh5+ Kxh5 48. g3 Kg4 49. gxf4 Kxf4 50. Bd2+ Kf5 51. Kg3 g4 52. Bf4 Bf3 53.
Bd2 Ke4 54. Kf2 Be2 55. Kg3 Kd4 56. Kf4 c3 57. Bxc3+ Kc4 58. Ke3 g3 59. Be5 g2
60. Kf2 Bf1 61. b4 d2 0-1

[Event "Otvoreno Prvenstvo Sente 2015"]
[Site "Senta"]
[Date "2015.01.31"]
[Round "2.9"]
[White "Korponai, Akos"]
[Black "Lorincz, Laszlo"]
[Result "1-0"]
[WhiteElo "1952"]
[BlackElo "1808"]
[PlyCount "79"]
[EventDate "2015.01.30"]

1. e4 c5 2. Nf3 d5 3. exd5 Qxd5 4. Nc3 Qd8 5. d4 e6 6. Bb5+ Bd7 7. Bxd7+ Qxd7
8. O-O cxd4 9. Nxd4 Nf6 10. Qf3 a6 11. Rd1 Qc8 12. Bg5 Be7 13. Ne4 Nbd7 14.
Nxf6+ Bxf6 15. Bxf6 Nxf6 16. Qa3 Qc7 17. Nb5 Qe7 18. Nd6+ Kf8 19. c4 Rb8 20.
Qe3 Qc7 21. b4 Rd8 22. c5 Rd7 23. a4 h5 24. Rac1 Kg8 25. Rd3 Kh7 26. Rcd1 Rhd8
27. Nxf7 Rxd3 28. Rxd3 Rxd3 29. Qxd3+ g6 30. Ng5+ Kh6 31. Nxe6 Qe5 32. Qe3+
Qxe3 33. fxe3 Nd5 34. b5 a5 35. Nd8 Nc3 36. Nxb7 Nxa4 37. c6 Nb6 38. Nxa5 Na8
39. Nc4 Nc7 40. b6 1-0

[Event "Otvoreno Prvenstvo Sente 2015"]
[Site "Senta"]
[Date "2015.01.31"]
[Round "2.10"]
[White "Igaz, Ervin"]
[Black "Brindza, Dezso"]
[Result "0-1"]
[WhiteElo "2013"]
[BlackElo "1712"]
[PlyCount "80"]
[EventDate "2015.01.30"]

1. e4 d6 2. f4 Nf6 3. c3 c6 4. d3 g6 5. Nd2 Bg7 6. Ndf3 Bg4 7. h3 Bxf3 8. Qxf3
Nbd7 9. Ne2 Nc5 10. g4 Qc7 11. Bg2 a5 12. b3 e5 13. O-O O-O 14. Kh1 Qe7 15.
fxe5 dxe5 16. Ba3 b5 17. Bxc5 Qxc5 18. d4 Qd6 19. Rad1 Rad8 20. Rd3 Qe7 21. Ng3
Rd6 22. dxe5 Qxe5 23. Rxd6 Qxd6 24. Rd1 Qe5 25. Qd3 Re8 26. Kg1 Bf8 27. Kf2 Re6
28. Bf3 Rd6 29. Qc2 Rxd1 30. Bxd1 Bd6 31. Qd3 Qxg3+ 32. Qxg3 Nxe4+ 33. Ke3 Nxg3
34. Kd4 Kf8 35. Bf3 c5+ 36. Kd5 Ke7 37. Kc6 b4 38. c4 f5 39. Kb5 fxg4 40. hxg4
h5 0-1

[Event "Otvoreno Prvenstvo Sente 2015"]
[Site "Senta"]
[Date "2015.01.31"]
[Round "2.13"]
[White "Bacsa, Zoltan"]
[Black "Jankov, Danijel"]
[Result "1-0"]
[WhiteElo "1647"]
[BlackElo "1352"]
[PlyCount "165"]
[EventDate "2015.01.30"]

1. Nf3 d5 2. d4 Nf6 3. c4 e6 4. Nc3 c6 5. Bg5 Be7 6. e3 Nbd7 7. Bd3 dxc4 8.
Bxc4 b5 9. Bd3 Bb7 10. Rc1 a6 11. O-O c5 12. dxc5 Nxc5 13. Be2 O-O 14. Qxd8
Raxd8 15. Nd4 h6 16. Bh4 Nd5 17. Bxe7 Nxe7 18. Ncxb5 axb5 19. Rxc5 Rc8 20. Rfc1
Rxc5 21. Rxc5 Bd5 22. a3 b4 23. a4 Rc8 24. Rxc8+ Nxc8 25. Bd1 Nb6 26. b3 Nd7
27. Nf3 Nc5 28. Nd2 f5 29. f3 g5 30. Kf2 e5 31. Bc2 e4 32. fxe4 fxe4 33. Kg3
Kf7 34. h4 Kg6 35. hxg5 hxg5 36. Kh3 Be6+ 37. g4 Nd3 38. Nxe4 Ne5 39. Nc5+ Kf6
40. Nxe6 Kxe6 41. Kg3 Nc6 42. Kf3 Ke5 43. Bd3 Na5 44. Bc2 Nc6 45. Ke2 Kd5 46.
Kf3 Ke5 47. Bh7 Na5 48. Bg8 Nc6 49. Bc4 Na5 50. Bg8 Nc6 51. Bh7 Na5 52. Bc2 Nc6
53. Ke2 Kd5 54. Kd2 Kc5 55. Bd1 Ne5 56. Be2 Nc6 57. Kd3 Na5 58. Bd1 Kd5 59. Bc2
Nc6 60. Ke2 Ke5 61. Kd3 Kd5 62. Bd1 Ne5+ 63. Kd2 Kc5 64. Be2 Nc6 65. Kd3 Na5
66. Bd1 Kd5 67. e4+ Ke5 68. Bc2 Nc6 69. Kc4 Nd4 70. Bd1 Nc6 71. Kc5 Nd4 72.
Kxb4 Kxe4 73. a5 Nc6+ 74. Kb5 Na7+ 75. Kb6 Nc8+ 76. Kc7 Na7 77. Kb7 Nb5 78. a6
Kd4 79. a7 Nxa7 80. Kxa7 Kc3 81. Kb6 Kb4 82. Kc6 Kc3 83. Kc5 1-0

[Event "Otvoreno Prvenstvo Sente 2015"]
[Site "Senta"]
[Date "2015.02.01"]
[Round "3.1"]
[White "Farkas, Tibor"]
[Black "Kecskemeti, Arpad"]
[Result "1-0"]
[WhiteElo "2244"]
[BlackElo "2036"]
[PlyCount "73"]
[EventDate "2015.01.30"]

1. e4 c5 2. Nf3 d6 3. d4 cxd4 4. Nxd4 Nf6 5. Nc3 a6 6. Be3 e5 7. Nb3 Be6 8. Qd2
Be7 9. O-O-O Nbd7 10. f4 Qc7 11. h3 h5 12. Kb1 b5 13. Nd5 Bxd5 14. exd5 Rc8 15.
c3 Ne4 16. Qe1 f5 17. Bd3 Ndf6 18. g4 hxg4 19. hxg4 Rxh1 20. Qxh1 Nxd5 21. Bxe4
Nxe3 22. Bxf5 Nxf5 23. Qh5+ Kd8 24. Qxf5 Qc4 25. fxe5 Qe2 26. Rd2 Qe1+ 27. Kc2
Kc7 28. exd6+ Bxd6 29. Nd4 Re8 30. a4 bxa4 31. Qa5+ Kb7 32. Qxa4 Qe4+ 33. Kb3
Re5 34. Qd7+ Bc7 35. Re2 Qf4 36. Rxe5 Qxe5 37. Ne6 1-0

[Event "Otvoreno Prvenstvo Sente 2015"]
[Site "Senta"]
[Date "2015.02.01"]
[Round "3.2"]
[White "Sarnyai, Daniel"]
[Black "Simonyi, Zoltan"]
[Result "1-0"]
[WhiteElo "1998"]
[BlackElo "2243"]
[PlyCount "107"]
[EventDate "2015.01.30"]

1. c4 g6 2. Nc3 Bg7 3. e4 c5 4. g3 d6 5. Bg2 Nc6 6. Nge2 a6 7. O-O Rb8 8. a4
Bd7 9. d3 e6 10. f4 h5 11. Be3 Nh6 12. h3 Bd4 13. Qd2 Qf6 14. Bxd4 cxd4 15. Na2
Qd8 16. Nac1 a5 17. Kh2 Kf8 18. Nb3 Qb6 19. Ra3 Kg7 20. Qe1 Nb4 21. Qd2 e5 22.
Nbc1 Qd8 23. Na2 h4 24. g4 Bxg4 25. Nxb4 axb4 26. Raa1 Bxe2 27. Qxe2 exf4 28.
Rxf4 Qg5 29. Raf1 Qe5 30. Kh1 g5 31. Rf6 Qxf6 32. Rxf6 Kxf6 33. Qd2 Rhc8 34.
Qxb4 Ke7 35. Qb6 f6 36. Qxd4 Nf7 37. Qe3 Ne5 38. b3 Ng6 39. Bf3 Rc7 40. Qb6
Rcc8 41. Bg4 Rd8 42. Qc7+ Kf8 43. Be6 Ne7 44. d4 Ke8 45. d5 b6 46. b4 Kf8 47.
c5 bxc5 48. bxc5 Rb1+ 49. Kg2 Rdb8 50. cxd6 R1b7 51. dxe7+ Ke8 52. Qd6 f5 53.
Bxf5 Kf7 54. Qe6+ 1-0

[Event "Otvoreno Prvenstvo Sente 2015"]
[Site "Senta"]
[Date "2015.02.01"]
[Round "3.3"]
[White "Nagy, Attila N"]
[Black "Korponai, Akos"]
[Result "1-0"]
[WhiteElo "2202"]
[BlackElo "1952"]
[PlyCount "45"]
[EventDate "2015.01.30"]

1. d4 Nf6 2. c4 e6 3. Nf3 Bb4+ 4. Bd2 Bxd2+ 5. Qxd2 b6 6. Nc3 Bb7 7. g3 O-O 8.
Bg2 Ne4 9. Nxe4 Bxe4 10. O-O d5 11. Rac1 Nd7 12. Qf4 c5 13. dxc5 Nxc5 14. b4
Na6 15. a3 f6 16. Rfd1 Qe7 17. Bf1 e5 18. Qe3 Rfd8 19. cxd5 Bxd5 20. Rxd5 Rxd5
21. Qb3 Qf7 22. e4 Rd7 23. Bc4 1-0

[Event "Otvoreno Prvenstvo Sente 2015"]
[Site "Senta"]
[Date "2015.02.01"]
[Round "3.4"]
[White "Brindza, Dezso"]
[Black "Vranic, Ljubomir"]
[Result "0-1"]
[WhiteElo "1712"]
[BlackElo "2199"]
[PlyCount "56"]
[EventDate "2015.01.30"]

1. d4 Nf6 2. e3 d6 3. c3 Nbd7 4. f4 c6 5. Nf3 Qc7 6. Bd3 e5 7. e4 Be7 8. Be3
O-O 9. O-O Re8 10. Nbd2 Ng4 11. Qe1 b5 12. h3 Nxe3 13. Qxe3 a6 14. fxe5 dxe5
15. Qf2 c5 16. Nxe5 Nxe5 17. dxe5 Be6 18. Kh1 Qxe5 19. Nf3 Qh5 20. Qg3 Red8 21.
Bc2 Kh8 22. a3 g5 23. Qe5+ Kg8 24. Rad1 Qh6 25. Rxd8+ Rxd8 26. Rd1 Rxd1+ 27.
Bxd1 g4 28. Qg3 Qc1 0-1

[Event "Otvoreno Prvenstvo Sente 2015"]
[Site "Senta"]
[Date "2015.02.01"]
[Round "3.5"]
[White "Solymosi, Andras"]
[Black "Toth, Kazmer"]
[Result "1/2-1/2"]
[WhiteElo "1957"]
[BlackElo "1974"]
[PlyCount "138"]
[EventDate "2015.01.30"]

1. c4 c5 2. Nf3 Nf6 3. g3 g6 4. Bg2 Bg7 5. O-O O-O 6. Nc3 Nc6 7. d4 cxd4 8.
Nxd4 a6 9. Rb1 e6 10. Nc2 Qc7 11. b4 Ne7 12. Qd3 Rd8 13. e4 d5 14. Rd1 Bd7 15.
exd5 exd5 16. Bf4 Qc8 17. c5 Qc6 18. Nd4 Qc8 19. Rbc1 Nf5 20. Bg5 Be6 21. Na4
Nxd4 22. Nb6 Qc6 23. Nxa8 Rxa8 24. Qxd4 Ne4 25. Qe3 Nxg5 26. Qxg5 h6 27. Qe3
Rd8 28. Rc2 Qb5 29. a3 d4 30. Bf1 Qd7 31. Qd3 Bf5 32. Qb3 Bxc2 33. Qxc2 Qc7 34.
Bc4 Kf8 35. Re1 a5 36. Qe4 Bf6 37. Qf3 Kg7 38. Bd5 axb4 39. axb4 b6 40. c6 Qd6
41. Rc1 Rc8 42. Qb3 Rc7 43. Qc4 Kf8 44. Bxf7 d3 45. Bd5 d2 46. Rd1 Qe5 47. Qe4
g5 48. Rxd2 Qxe4 49. Bxe4 Bc3 50. Rd6 Bxb4 51. Rxh6 Bc5 52. Rh8+ Ke7 53. Rh7+
Kd6 54. Rxc7 Kxc7 55. Kf1 b5 56. Ke2 Bd6 57. Kd3 Bc5 58. Ke2 b4 59. h4 gxh4 60.
gxh4 b3 61. f4 b2 62. Kf3 b1=Q 63. Bxb1 Kxc6 64. Kg4 Kd7 65. h5 Ke7 66. Kf5 Kf8
67. Kf6 Kg8 68. h6 Kh8 69. Kg6 Ba3 1/2-1/2

[Event "Otvoreno Prvenstvo Sente 2015"]
[Site "Senta"]
[Date "2015.02.01"]
[Round "3.6"]
[White "Soklovacki, Mila"]
[Black "Aleksic, Zvonimir"]
[Result "1-0"]
[WhiteElo "1834"]
[BlackElo "1874"]
[PlyCount "109"]
[EventDate "2015.01.30"]

1. e4 d5 2. exd5 Nf6 3. Nc3 e6 4. dxe6 Bxe6 5. Nf3 Bb4 6. Be2 O-O 7. O-O Re8 8.
a3 Bd6 9. d3 Nbd7 10. Bg5 h6 11. Bh4 Nf8 12. Ne4 Be7 13. Nxf6+ Bxf6 14. Bxf6
Qxf6 15. d4 Rad8 16. c3 Ng6 17. Re1 Nf4 18. Nd2 Qg6 19. Bf3 Bh3 20. Rxe8+ Rxe8
21. g3 c6 22. Nc4 Nd3 23. Qd2 Qf5 24. Bh1 Re6 25. Ne3 Qb5 26. b4 Nxf2 27. Kxf2
Rf6+ 28. Kg1 h5 29. Bg2 Bd7 30. Rf1 Rh6 31. d5 c5 32. c4 Qb6 33. b5 h4 34. Nf5
Bxf5 35. Rxf5 hxg3 36. hxg3 a6 37. Qe2 Qd8 38. Re5 Qf6 39. Re8+ Kh7 40. Qe4+
Rg6 41. Qh4+ Qxh4 42. gxh4 axb5 43. cxb5 Rg4 44. Rc8 c4 45. d6 Rd4 46. d7 Rxd7
47. Rxc4 Kg6 48. a4 Kf6 49. b6 Rd1+ 50. Kh2 Rb1 51. a5 Ke5 52. Rc7 Rb5 53. Rxb7
Rxa5 54. Rxf7 Rb5 55. b7 1-0

[Event "Otvoreno Prvenstvo Sente 2015"]
[Site "Senta"]
[Date "2015.02.01"]
[Round "3.7"]
[White "Davidovic, Zoran"]
[Black "Bacsa, Zoltan"]
[Result "1-0"]
[WhiteElo "1891"]
[BlackElo "1647"]
[PlyCount "57"]
[EventDate "2015.01.30"]

1. d4 Nf6 2. Bg5 e6 3. Nf3 Be7 4. e3 b6 5. Bd3 Bb7 6. Nbd2 h6 7. Bh4 d6 8. O-O
Nbd7 9. c3 O-O 10. Rc1 c5 11. Re1 cxd4 12. exd4 Nh5 13. Bg3 Nxg3 14. fxg3 Nf6
15. Qe2 Rc8 16. Rf1 Qd7 17. Bb1 Rc7 18. Rce1 Rfc8 19. Qd3 d5 20. Ne5 Qe8 21.
Rf4 Qa4 22. Ng4 Kf8 23. Ne5 Ba6 24. Qf3 Bd8 25. g4 Bb5 26. h4 Be8 27. g5 hxg5
28. hxg5 Ng8 29. Ng6# 1-0

[Event "Otvoreno Prvenstvo Sente 2015"]
[Site "Senta"]
[Date "2015.02.01"]
[Round "3.8"]
[White "Farkas, Sandor I"]
[Black "Uveric, Nebojsa"]
[Result "1-0"]
[WhiteElo "1874"]
[BlackElo "1533"]
[PlyCount "95"]
[EventDate "2015.01.30"]

1. e4 c5 2. Nf3 d6 3. d4 cxd4 4. Nxd4 Nf6 5. Nc3 a6 6. Be3 e5 7. Nb3 Nc6 8. Qd2
Be7 9. f3 Be6 10. O-O-O O-O 11. g4 b5 12. Nd5 Re8 13. Bb6 Qb8 14. Nxe7+ Rxe7
15. g5 Nd7 16. Be3 Nb6 17. Qxd6 Rc7 18. Bxb6 Qxb6 19. Kb1 Rd7 20. Qxd7 Bxd7 21.
Rxd7 Rd8 22. Rxd8+ Qxd8 23. Bh3 Qxg5 24. Rd1 h6 25. Bd7 Nd4 26. Nxd4 exd4 27.
b3 Qg2 28. Kb2 Qxh2 29. Rxd4 Qe5 30. c3 a5 31. Rd5 Qh2+ 32. Ka3 b4+ 33. cxb4
axb4+ 34. Kxb4 Qxa2 35. Bf5 g6 36. Bd7 Qf2 37. Rd3 h5 38. Kc4 h4 39. b4 Qg2 40.
b5 h3 41. Bxh3 Qxh3 42. b6 Qc8+ 43. Kb5 Kg7 44. Rd6 Qe8+ 45. Rc6 Qe5+ 46. Ka6
Qb8 47. b7 Qxb7+ 48. Kxb7 1-0

[Event "Otvoreno Prvenstvo Sente 2015"]
[Site "Senta"]
[Date "2015.02.01"]
[Round "3.9"]
[White "Olajos, Gyozo"]
[Black "Sakic, Simeon"]
[Result "0-1"]
[WhiteElo "1647"]
[BlackElo "1859"]
[PlyCount "118"]
[EventDate "2015.01.30"]

1. d4 Nf6 2. c4 e6 3. Bf4 b6 4. Nc3 Bb7 5. f3 d5 6. e3 Nh5 7. Bg3 Nxg3 8. hxg3
Bd6 9. Rh3 c5 10. Nb5 Be7 11. Bd3 g6 12. Ne2 Nc6 13. Qc2 Nb4 14. Qc3 Nxd3+ 15.
Qxd3 a6 16. Nbc3 dxc4 17. Qxc4 Rc8 18. Qd3 Bf6 19. Ne4 Bg7 20. Rd1 O-O 21. Qb1
cxd4 22. Nxd4 Qe7 23. g4 Rfd8 24. Kf2 e5 25. Ne2 Rxd1 26. Qxd1 Bxe4 27. fxe4
Qe6 28. Nc3 Bf8 29. Nd5 Qc6 30. g5 Qc2+ 31. Kg3 Bg7 32. Qg4 Rd8 33. Ne7+ Kf8
34. Rxh7 Kxe7 35. Rxg7 Qc4 36. Qf3 Rd6 37. b3 Qe6 38. Qf1 b5 39. Rh7 Rd2 40.
Qc1 Qd6 41. Rh8 Rxa2 42. Qc8 Qd7 43. Qc5+ Qd6 44. Re8+ Kd7 45. Rxe5 Qxc5 46.
Rxc5 Ra3 47. Rd5+ Ke6 48. Rd3 a5 49. Rc3 Kd6 50. Kf4 a4 51. Rd3+ Ke7 52. Rd5
Rxb3 53. Ke5 a3 54. Rd6 Rc3 55. Ra6 b4 56. Ra7+ Kf8 57. Kd4 Rc1 58. Kd3 b3 59.
Rxa3 b2 0-1